Venovať pozornosť dátam sa oplatí - môžete vďaka nim zarobiť viac
Nové inovatívne riešenia v oblasti Business Intelligence (BI) v podnikaní - Business Discovery, ktorých sledovaním spoznáme alebo potvrdíme zdroje skrytých rezerv vo výrobe a ich dopad na podnikanie.
Uložené v:
| Hlavný autor: | |
|---|---|
| Médium: | Kapitola |
| Predmet: | |
| Tagy: |
Žiadne tagy, Buďte prvý, kto otaguje tento záznam!
|
MARC
| LEADER | 00000naa a2200000 4500 | ||
|---|---|---|---|
| 001 | 0191123 | ||
| 005 | 20231011123544.0 | ||
| 044 | |a SK | ||
| 245 | 1 | 0 | |a Venovať pozornosť dátam sa oplatí - môžete vďaka nim zarobiť viac |c Martin Kostič |
| 520 | |a Nové inovatívne riešenia v oblasti Business Intelligence (BI) v podnikaní - Business Discovery, ktorých sledovaním spoznáme alebo potvrdíme zdroje skrytých rezerv vo výrobe a ich dopad na podnikanie. | ||
| 610 | 2 | 0 | |a informácie vnútropodnikové |
| 610 | 2 | 0 | |a business intelligence |
| 610 | 2 | 0 | |a informácie strategické |
| 610 | 2 | 0 | |a systémy informačné organizácií |
| 610 | 2 | 0 | |a jednotky pracovné |
| 100 | 1 | |a Kostič, Martin | |